Historic Patterns of Intervention: U.S. Relations with Latin America /
Збережено в:
| Автор: | |
|---|---|
| Формат: | Текст |
| Предмети: | |
| Теги: |
Додати тег
Немає тегів, Будьте першим, хто поставить тег для цього запису!
|
MARC
| LEADER | 00000 a a2200000 04500 | ||
|---|---|---|---|
| 001 | 42897 | ||
| 003 | |||
| 040 | |||
| 100 | |a Rabe, Stephen G. | ||
| 245 | |a Historic Patterns of Intervention: |b U.S. Relations with Latin America / |c Stephen G. Rabe | ||
| 650 | |a MILITARISMO | ||
| 650 | |a POLITICA | ||
| 650 | |a INTERVENCION EXTRANJERA | ||
| 650 | |a PODER POLITICO | ||
| 773 | |g volumen23, número2 (1988), páginas 206-213 | ||
| 999 | |c 23457 |d 23457 | ||
